|
|
|
|
| LEADER |
00000nam0a2200000 4500 |
| 001 |
592730 |
| 005 |
20231101131726.0 |
| 035 |
|
|
|a (RuTPU)RU\TPU\tpu\5227
|
| 090 |
|
|
|a 592730
|
| 100 |
|
|
|a 20011210d1967 u y0rusy50 ca
|
| 101 |
0 |
|
|a rus
|
| 102 |
|
|
|a RU
|
| 105 |
|
|
|a 000|y
|
| 200 |
1 |
|
|a Руководство по расчету электромагнита бетатрона
|e методическое пособие
|f М. Ф. Филиппов
|
| 210 |
|
|
|a Томск
|d 1967
|
| 215 |
|
|
|a 41 с.
|
| 300 |
|
|
|a Ротапр. изд.
|
| 610 |
1 |
|
|a учебные пособия
|
| 610 |
1 |
|
|a труды учёных ТПУ
|
| 610 |
1 |
|
|a электроника
|
| 610 |
1 |
|
|a рентгенотехника
|
| 610 |
1 |
|
|a ускорители
|
| 700 |
|
1 |
|a Филиппов
|b М. Ф.
|
| 801 |
|
0 |
|a RU
|b 63413507
|c 20011210
|g PSBO
|
| 801 |
|
2 |
|a RU
|b 63413507
|c 20080410
|g PSBO
|
| 942 |
|
|
|c BK
|